Statistics for AC Milan all-time top scorers

Click here to take the quiz!

General Stats

  • This quiz has been taken 17 times
  • The average score is 4 of 10

Answer Stats

GoalsNationalityPlayer% Correct
175UkraineAndrij Ševčenko
94%
126ItalyFilippo Inzaghi
81%
221SwedenGunnar Nordahl
63%
104BrazilKakà
63%
125NetherlandsMarco Van Basten
63%
164ItalyGianni Rivera
38%
161Brazil / ItalyJosé Altafini
19%
136ItalyAldo Boffi
6%
102ItaliyPierino Prati
6%
106ItalyGiuseppe Santagostino
0%

Score Distribution

Percentile by Number Answered

Percent of People with Each Score

Your Score History

You have not taken this quiz